| 000 | 00872nam a2200313 a 4500 | ||
|---|---|---|---|
| 003 | AR-BaBNM | ||
| 005 | 20251128210233.0 | ||
| 008 | 082120s2002 ||||||||||||||000 | spa|| | ||
| 020 | _a950-534-547-X | ||
| 040 | _cAR-BaBNM | ||
| 100 | 1 | _aTenewicki, Inés | |
| 245 | 0 | 0 | _aChicos en la calle |
| 250 | _a1ª ed. | ||
| 260 |
_aBuenos Aires _bA-Z editora _c1998 |
||
| 300 |
_a31 p. _bil. |
||
| 490 | 0 | _aIguales y diferentes | |
| 500 | _aDeclaración de los derechos del niño p. 17 | ||
| 650 | 4 | _aNIÑOS DE LA CALLE | |
| 650 | 4 | _aNIÑOS QUE TRABAJAN | |
| 650 | 4 | _aDERECHOS DEL NIÑO | |
| 650 | 4 | _aDESFAVORECIDOS EDUCACIONALES | |
| 653 | 0 | _aTEMAS TRANSVERSALES | |
| 653 | _aDIVERSIDAD SOCIOCULTURAL | ||
| 653 | _aEDUCACION PARA LA TOLERANCIA | ||
| 700 | 1 | _aKinigsberg, Karina | |
| 700 | 1 |
_aUrfeig, Vivian _ecolaborador |
|
| 942 | _cBK | ||
| 998 | _cRaquel | ||
| 999 |
_c14614 _d14614 |
||